[Event "Druzynowe Mistrzostwa Polski Juniorow - II Liga"]
[Site "Iwonicz"]
[Date "2016-07-31"]
[Round "6.5"]
[White "Kasperek, Kinga"]
[Black "Kordela, Monika"]
[Result "1-0"]
[WhiteTitle "I"]
[BlackTitle "I"]
[WhiteElo "1585"]
[BlackElo "1783"]

1. e4 c5 2. Nf3 g6 3. d4 cxd4 4. Nxd4 Nc6 5. Nc3 d6 6. Be3 Bg7 7. Qd2 Nf6 8. f3
O-O 9. Bc4 Bd7 10. h4 h5 11. O-O-O Rb8 12. g4 Na5 13. Bb3 hxg4 14. h5 Nxh5 15.
Rxh5 Nxb3+ 16. axb3 gxh5 17. Bh6 Qa5 18. Bxg7 Kxg7 19. Nf5+ Bxf5 20. Qg5+ Kh8
21. Qxh5+ 1-0

[Event "Druzynowe Mistrzostwa Polski Juniorow - II Liga"]
[Site "Iwonicz"]
[Date "2016-07-31"]
[Round "6.6"]
[White "Adamczyk, Zuzanna"]
[Black "Laszczuk, Zuzanna"]
[Result "1/2-1/2"]
[WhiteTitle "I"]
[BlackTitle "I"]
[WhiteElo "1672"]
[BlackElo "1043"]

1. e4 e5 2. Nf3 Nc6 3. d4 exd4 4. Nxd4 Bc5 5. Be3 Qf6 6. c3 Nge7 7. g3 d6 8. Bg2
O-O 9. O-O Bb6 10. Na3 Ne5 11. h3 Bd7 12. f4 N5g6 13. Nc4 Nc6 14. Nxb6 axb6 15.
Nb5 Rfc8 16. e5 Qe7 17. Bd4 dxe5 18. fxe5 Ngxe5 19. Na3 Qg5 20. Kh2 Rd8 21. Qe2
Re8 22. Qf2 Be6 23. Bxe5 Qxe5 24. Bf3 Re7 25. Rfe1 Qf5 26. Qg2 Rb8 27. Be4 Qh5
28. Bf3 Qh6 29. h4 Rd8 30. Rad1 Red7 31. Rxd7 Rxd7 32. Re2 Qf6 33. Bxc6 bxc6 34.
Qxc6 h6 35. b3 Qf1 36. Qg2 Qc1 37. Nb5 Bd5 38. Qg1 Qxg1+ 39. Kxg1 c6 40. Nd4 Ra7
41. Nf5 Kh7 42. Kf2 c5 43. Ne3 Be6 44. Ng2 c4 45. Rb2 b5 46. Nf4 Bg4 47. Ne2 cxb3
48. axb3 Bxe2 49. Kxe2 Rb7 50. Rc2 f6 51. c4 bxc4 52. bxc4 g5 53. hxg5 hxg5 54.
c5 Rc7 55. c6 Kg7 56. Kf3 f5 57. Rc4 Kf6 58. Rc3 Ke6 59. Rc5 Kf6 60. Rc4 Ke6 61.
Rc5 Kf6 62. Ke3 Ke6 63. Kf3 Kf6 64. Ke3 Ke6 65. Kf3 Kf6 66. Ke3 Ke6 1/2-1/2

[Event "Druzynowe Mistrzostwa Polski Juniorow - II Liga"]
[Site "Iwonicz"]
[Date "2016-07-31"]
[Round "6.7"]
[White "Fus, Jakub"]
[Black "Klementowski, Dawid"]
[Result "1/2-1/2"]
[WhiteTitle "I++"]
[BlackTitle "I"]
[WhiteElo "2025"]
[BlackElo "2000"]

1. d4 Nf6 2. c4 e6 3. Nf3 Bb4+ 4. Bd2 Qe7 5. g3 Nc6 6. Bg2 Bxd2+ 7. Nbxd2 d6 8.
O-O O-O 9. e4 e5 10. d5 Nb8 11. Qc2 a5 12. Ne1 Na6 13. Nd3 Nd7 14. a3 Ndc5 15.
Nxc5 Nxc5 16. b4 axb4 17. axb4 Rxa1 18. Rxa1 Na6 19. Qc3 f5 20. exf5 Bxf5 21.
Ne4 Qf7 22. Rf1 Qg6 23. Re1 Qf7 24. Re2 Qh5 25. Re1 Qf7 26. Qd2 h6 27. Re2 b6
28. Qe1 Nb8 29. c5 bxc5 30. bxc5 Bxe4 31. Bxe4 Nd7 32. cxd6 cxd6 33. Qb4 Nc5 34.
Bg2 Qa7 35. Qb1 Rb8 36. Rb2 Rxb2 37. Qxb2 Qb7 38. Qxb7 Nxb7 39. Kf1 Kf7 40. Ke2
Nc5 41. Ke3 Kf6 42. Be4 g5 43. f3 Nb3 44. Kf2 Nd2 45. Ke1 Nb3 46. Kf2 Nc5 47.
Ke3 Ke7 48. Bf5 Kf7 49. Be4 Kf6 50. Bc2 Nd7 51. Be4 Nb6 52. Kd3 Na4 53. Kd2 Nc5
54. Ke3 Nb3 55. Kd3 Nc5+ 56. Ke3 Nd7 57. Kd2 Nc5 58. Ke3 Nd7 59. Kd2 Ke7 60. Kd3
Nc5+ 1/2-1/2

[Event "Druzynowe Mistrzostwa Polski Juniorow - II Liga"]
[Site "Iwonicz"]
[Date "2016-07-31"]
[Round "6.9"]
[White "Czernek, Tymon"]
[Black "Grochol, Kamil"]
[Result "1-0"]
[WhiteTitle "I"]
[BlackTitle "II+"]
[WhiteElo "1867"]
[BlackElo "1648"]

1. Nf3 d5 2. d4 Nf6 3. g3 e6 4. Bg2 Be7 5. O-O O-O 6. c4 dxc4 7. Nc3 c5 8. e4 cxd4
9. Nxd4 Nc6 10. Nxc6 bxc6 11. Qe2 Ba6 12. Rd1 Qc7 13. Bg5 Rfd8 14. h3 h6 15. Be3
Rd3 16. Bf1 Bb4 17. Qe1 Bxc3 18. bxc3 Rd7 19. Rxd7 Nxd7 20. f4 e5 21. f5 Qa5 22.
Bg2 f6 23. Kh2 Nc5 24. Bxc5 Qxc5 25. Qd2 Qe7 26. Rd1 Bb5 27. Bf1 Kf8 28. Be2 Ba4
29. Rb1 Rd8 30. Qb2 Bb5 31. Kg2 Qd7 32. a4 Ba6 33. Kf2 Qe7 34. Qb4 Rd2 35. Qxe7+
Kxe7 36. Rb8 Ra2 37. Ra8 Rxa4 38. Rxa7+ Kf8 39. Bh5 Bb5 40. Rf7+ Kg8 41. Re7 Ra8
42. Rd7 Kh8 43. Rc7 Kg8 44. Kf3 Kf8 45. Bg6 Rd8 46. Kg4 Kg8 47. Kh5 Kf8 48. g4
Kg8 49. h4 Kf8 50. Bf7 c5 51. Kg6 Rd3 52. Rxc5 Bd7 53. Rc7 Ba4 54. Rxc4 Bd1 55.
Rc8+ Ke7 56. Kxg7 Bxg4 57. Re8+ Kd7 58. Kxf6 Rxc3 59. Rxe5 Re3 60. Rd5+ 1-0

[Event "Druzynowe Mistrzostwa Polski Juniorow - II Liga"]
[Site "Iwonicz"]
[Date "2016-07-31"]
[Round "6.10"]
[White "Oles, Martin"]
[Black "Baum, Jonasz"]
[Result "0-1"]
[WhiteTitle "II"]
[BlackTitle "I"]
[WhiteElo "1485"]
[BlackElo "1826"]

1. e4 c5 2. b3 e6 3. Bb2 d6 4. Bb5+ Bd7 5. Bxd7+ Nxd7 6. f4 Ngf6 7. d3 Be7 8. Nf3
Qb6 9. Nbd2 O-O-O 10. O-O Rhg8 11. Nc4 Qc7 12. a3 d5 13. Nce5 dxe4 14. Nxf7 exf3
15. Nxd8 fxg2 16. Re1 Bxd8 17. Rxe6 Qxf4 18. Qe2 Bb6 19. c4 Bc7 20. Qxg2 Qf5 21.
Rae1 g5 22. Qe2 g4 23. Bxf6 Nxf6 24. Rf1 g3 25. Rxf5 gxh2+ 26. Kf2 h1=Q 27. Qf1
Qh2+ 28. Ke1 Rg1 29. Rexf6 Bg3+ 30. Kd1 Rxf1+ 31. Rxf1 Qb2 32. Rf8+ Kd7 33. R1f7+
Kc6 34. Rf6+ Bd6 35. Rh6 Qxb3+ 36. Kd2 Qb2+ 37. Kd1 Qxa3 38. Rff6 Qxd3+ 39. Ke1
Kd7 40. Rf7+ Ke8 41. Rhxh7 Bg3+ 0-1

[Event "Druzynowe Mistrzostwa Polski Juniorow - II Liga"]
[Site "Iwonicz"]
[Date "2016-07-31"]
[Round "6.11"]
[White "Tkaczyk, Weronika"]
[Black "Kucharska, Honorata"]
[Result "1/2-1/2"]
[WhiteTitle "I"]
[BlackTitle "k"]
[WhiteElo "1570"]
[BlackElo "1855"]

1. e4 d6 2. d4 Nf6 3. Nc3 e5 4. dxe5 dxe5 5. Qxd8+ Kxd8 6. Bc4 Be6 7. Bxe6 fxe6
8. Nf3 Bd6 9. Bg5 Ke7 10. Nb5 Nbd7 11. O-O-O a6 12. Nxd6 cxd6 13. Rd2 Nc5 14.
Re1 Rac8 15. b3 Rc6 16. Kb2 b5 17. a3 a5 18. Ng1 h6 19. Bxf6+ gxf6 20. f3 Ra8
21. Ne2 b4 22. a4 Nd7 23. c3 Rb8 24. Rc1 Nc5 25. c4 Nd7 26. Rcd1 Nb6 27. Rc1 Rbc8
28. Rcd1 R8c7 29. f4 Nd7 30. fxe5 Nxe5 31. Nd4 1/2-1/2

[Event "Druzynowe Mistrzostwa Polski Juniorow - II Liga"]
[Site "Iwonicz"]
[Date "2016-07-31"]
[Round "6.12"]
[White "Cieslak, Jessica"]
[Black "Tarka, Aleksandra"]
[Result "0-1"]
[WhiteTitle "II"]
[BlackTitle "I"]
[WhiteElo "1189"]
[BlackElo "1449"]

1. e4 c5 2. Nf3 d6 3. d4 cxd4 4. Nxd4 Nf6 5. Nc3 g6 6. Bc4 Bg7 7. O-O O-O 8. Re1
Nc6 9. Bb3 Bd7 10. Bg5 Qa5 11. Nxc6 Bxc6 12. Nd5 Bxd5 13. exd5 Rfe8 14. Bd2 Qc5
15. Bc3 b5 16. a3 a5 17. a4 b4 18. Bd4 Qc7 19. Qf3 Nd7 20. Bxg7 Kxg7 21. Re4 Nc5
22. Rh4 Nxb3 23. Qxb3 Qd7 24. Qe3 Rh8 25. Re1 Rae8 26. Re4 h5 27. Rxe7 Rxe7 28.
Qxe7 Qxe7 29. Rxe7 Rc8 30. Re2 Rc5 31. Rd2 Kf6 32. f3 Ke5 33. Kf2 Rxd5 34. Rxd5+
Kxd5 35. Ke3 Kc4 36. Ke4 d5+ 37. Ke5 d4 38. Kf6 b3 39. cxb3+ Kxb3 40. Kxf7 d3
41. Kxg6 d2 42. f4 d1=Q 43. f5 Qg4+ 44. Kf6 Qxg2 45. Ke7 Qxh2 46. f6 Qe5+ 47.
Kf7 Kxa4 48. Kg7 h4 49. Kg6 Qxf6+ 0-1

[Event "Druzynowe Mistrzostwa Polski Juniorow - II Liga"]
[Site "Iwonicz"]
[Date "2016-07-31"]
[Round "6.13"]
[White "Raczynski, Krzysztof"]
[Black "Adamczewski, Maciej"]
[Result "1-0"]
[WhiteTitle "I++"]
[BlackTitle "I++"]
[WhiteElo "2074"]
[BlackElo "1979"]

1. e4 e6 2. d4 d5 3. Nd2 a6 4. Ngf3 c5 5. dxc5 Bxc5 6. Bd3 Nc6 7. Qe2 Nb4 8. e5
Bd7 9. Nb3 Nxd3+ 10. cxd3 Bb4+ 11. Bd2 Qb6 12. Bxb4 Qxb4+ 13. Qd2 Qxd2+ 14. Kxd2
Ne7 15. Nbd4 Bc6 16. h4 h5 17. g3 Kd7 18. b4 Ba4 19. Kc3 Rhc8+ 20. Kd2 Rc7 21.
Rac1 Rac8 22. Rxc7+ Rxc7 23. Rb1 Ng6 24. Re1 Ne7 25. Ng5 Ke8 26. Nh3 Kd7 27. Nf4
g6 28. Nh3 Nc6 29. Nxc6 Rxc6 30. Rc1 Rxc1 31. Kxc1 Ke7 32. Nf4 Kd7 33. Kd2 d4
34. Ne2 Kc6 35. Nxd4+ Kd5 36. Nf3 b6 37. Ng5 Kxe5 38. Nxf7+ Kd4 39. f4 a5 40.
a3 Be8 41. Ne5 a4 42. Nc4 Bb5 43. Nxb6 Bxd3 44. Nxa4 Bf5 45. Nb6 Be4 46. a4 Bc6
47. b5 Bg2 48. Nd7 Kc4 49. b6 Kb4 50. Kd3 Bc6 51. Kd4 Ka5 52. Kc5 Bb7 53. Kd6
Bc8 54. Kc7 Bxd7 55. b7 1-0

[Event "Druzynowe Mistrzostwa Polski Juniorow - II Liga"]
[Site "Iwonicz"]
[Date "2016-07-31"]
[Round "6.14"]
[White "Janiszewski, Filip"]
[Black "Kaminski, Piotr"]
[Result "1-0"]
[WhiteTitle "I+"]
[BlackTitle "I"]
[WhiteElo "1996"]
[BlackElo "1902"]

1. e4 e6 2. d4 d5 3. Nd2 c5 4. Ngf3 cxd4 5. exd5 Qxd5 6. Bc4 Qd6 7. O-O Nf6 8.
Nb3 Nc6 9. Nbxd4 Nxd4 10. Nxd4 Be7 11. Be3 O-O 12. Qf3 Qc7 13. Bb3 Bd7 14. a4
a6 15. h3 Rac8 16. Rfd1 Bc6 17. Nxc6 Qxc6 18. Qxc6 Rxc6 19. Rd3 h6 20. c3 Rfc8
21. Bd1 e5 22. Bc2 Kf8 23. a5 Bc5 24. Re1 Ne8 25. Ba4 Rd6 26. Red1 Rxd3 27. Rxd3
Nf6 28. Bxc5+ Rxc5 29. Rd8+ Ke7 30. Rb8 Rc7 31. Kf1 Kd6 32. Ke2 Ne4 33. Bc2 Nc5
34. Ke3 Kd5 35. b4 Ne6 36. Be4+ Kc4 37. Bxb7 Kxc3 38. Bxa6 Nd4 39. b5 Kb4 40.
b6 Rc3+ 41. Ke4 Kxa5 42. Bc8 Rb3 43. b7 Kb6 44. Ra8 Kc7 45. Ra5 f6 46. Rd5 Rb2
47. Rd7+ Kb8 48. Rxg7 Rxf2 49. Kd5 Rc2 50. h4 Nb5 51. Rg6 h5 52. Rxf6 Rxg2 53.
Kxe5 Rh2 54. Rf4 Re2+ 55. Kf6 Nd6 56. Kg6 Re5 57. Rf8 Nxb7 58. Bf5+ Kc7 59. Kxh5
Nc5 60. Kg6 Kd6 61. h5 Ke7 62. Rf7+ Ke8 63. h6 Re2 64. Kg7 Rg2+ 65. Bg6 Ne6+ 66.
Kf6 Rf2+ 67. Kxe6 Rxf7 68. h7 1-0

[Event "Druzynowe Mistrzostwa Polski Juniorow - II Liga"]
[Site "Iwonicz"]
[Date "2016-07-31"]
[Round "6.15"]
[White "Mietkiewicz, Jacek"]
[Black "Skurniak, Szymon"]
[Result "1-0"]
[WhiteTitle "I"]
[BlackTitle "I"]
[WhiteElo "1687"]
[BlackElo "1603"]

1. d4 Nf6 2. c4 g6 3. Nc3 d5 4. cxd5 Nxd5 5. Bd2 Bg7 6. e4 Nxc3 7. Bxc3 O-O 8.
Qd2 a5 9. h4 h5 10. Bc4 c6 11. a3 b5 12. Bb3 e6 13. Ne2 Nd7 14. g4 Nf6 15. gxh5
Nxh5 16. Ng3 Qf6 17. Nxh5 gxh5 18. Rg1 Kh8 19. Qg5 Qxg5 20. Rxg5 Bf6 21. Rxh5+
Kg7 22. e5 Kg6 23. Bd1 Be7 24. Bd2 Rg8 25. Bf3 Bb7 26. Ke2 f5 27. Rg1+ Kf7 28.
Rh7+ Kf8 29. Bh6+ Ke8 30. Rxg8+ Kd7 31. Rgg7 Re8 32. Bh5 1-0

[Event "Druzynowe Mistrzostwa Polski Juniorow - II Liga"]
[Site "Iwonicz"]
[Date "2016-07-31"]
[Round "6.16"]
[White "Ochedzan, Tymon"]
[Black "Lepski, Maksymilian"]
[Result "1-0"]
[WhiteTitle "II+"]
[BlackTitle "II"]
[WhiteElo "1636"]
[BlackElo "1442"]

1. e4 c5 2. Nf3 d6 3. d4 cxd4 4. Nxd4 Nf6 5. Nc3 a6 6. Bg5 e6 7. f4 Qb6 8. Qd2
Qxb2 9. Rb1 Qa3 10. Bxf6 gxf6 11. f5 Nc6 12. fxe6 fxe6 13. Be2 Qc5 14. Nxc6 bxc6
15. Na4 Qg5 16. Qc3 Qh4+ 17. Kd1 Bd7 18. Rb7 c5 19. Rxd7 Kxd7 20. Nb6+ Kc7 21.
Nxa8+ Kb7 22. Qa5 Kxa8 23. Bxa6 Qh6 24. Bb5+ Kb8 25. Qb6+ 1-0

[Event "Druzynowe Mistrzostwa Polski Juniorow - II Liga"]
[Site "Iwonicz"]
[Date "2016-07-31"]
[Round "6.17"]
[White "Szelag, Zuzanna"]
[Black "Wawrzyniak, Weronika"]
[Result "0-1"]
[WhiteTitle "I++"]
[BlackTitle "I"]
[WhiteElo "1732"]
[BlackElo "1322"]

1. e4 e6 2. d4 d5 3. Nc3 Nf6 4. Bg5 Be7 5. e5 Nfd7 6. h4 f6 7. exf6 Bxf6 8. Qg4
Nb6 9. Bd3 Qe7 10. Qh5+ Qf7 11. Bg6 Qxg6 12. Qxg6+ hxg6 13. Nf3 Nc6 14. O-O-O
Bd7 15. Rhe1 O-O-O 16. g3 Rde8 17. Bf4 a6 18. Kb1 Nc4 19. b3 Nd6 20. Ne5 Bxe5
21. Bxe5 Nxe5 22. Rxe5 Rhf8 0-1

[Event "Druzynowe Mistrzostwa Polski Juniorow - II Liga"]
[Site "Iwonicz"]
[Date "2016-07-31"]
[Round "6.18"]
[White "Barwinska, Ewa"]
[Black "Furtak, Joanna"]
[Result "0-1"]
[WhiteTitle "II+"]
[BlackTitle "I+"]
[WhiteElo "1239"]
[BlackElo "1686"]

1. e4 e5 2. Nf3 Nc6 3. Bb5 a6 4. Ba4 Nf6 5. O-O Be7 6. Re1 b5 7. Bb3 O-O 8. h3
d6 9. c3 Bb7 10. d4 exd4 11. cxd4 Na5 12. Bc2 Re8 13. Nc3 b4 14. e5 dxe5 15. dxe5
Qxd1 16. Nxd1 Bxf3 17. gxf3 Nd7 18. Bf4 Bd6 19. Ba4 Nxe5 20. Kg2 c6 21. Bc2 Nec4
22. Rxe8+ Rxe8 23. Bxd6 Nxd6 24. Ne3 Nab7 25. Rg1 g6 26. h4 Re5 27. Kh3 Ra5 28.
Ng4 Rxa2 29. Nf6+ Kg7 30. Nxh7 Rxb2 31. Bd3 Rd2 32. Bb1 Kxh7 33. h5 Nf5 34. Be4
Rd6 35. Kg4 Nc5 36. Bc2 Nh6+ 37. Kh3 a5 38. Rg5 Nb7 39. Re5 Rd7 40. Rg5 Nf5 41.
Be4 c5 42. hxg6+ fxg6 43. Kg4 Re7 44. Bxf5 gxf5+ 45. Rxf5 b3 46. Rh5+ Kg6 47.
Rg5+ Kf6 48. Rf5+ Ke6 49. Rh5 b2 50. Rh6+ Ke5 51. Rb6 Rg7+ 52. Kh3 Kd4 53. Rxb2
c4 54. f4 c3 55. Rb1 c2 56. Ra1 Kc3 57. f5 Kb2 58. f6 Rf7 59. Rg1 Rxf6 60. f4
Rh6+ 61. Kg2 Rg6+ 62. Kf2 Rxg1 63. Kxg1 c1=Q+ 64. Kf2 Qxf4+ 65. Kg2 Kc2 66. Kh1
Qd2 67. Kg1 Kd3 68. Kh1 Ke3 69. Kg1 Kf3 70. Kh1 Qg2# 0-1

[Event "Druzynowe Mistrzostwa Polski Juniorow - II Liga"]
[Site "Iwonicz"]
[Date "2016-07-31"]
[Round "6.19"]
[White "Leskiewicz, Ignacy"]
[Black "Czerniawski, Krzysztof"]
[Result "1/2-1/2"]
[WhiteTitle "I"]
[BlackTitle "I"]
[WhiteElo "1921"]
[BlackElo "1904"]

1. e4 c5 2. Nf3 d6 3. d4 cxd4 4. Nxd4 Nf6 5. Nc3 Nc6 6. Bg5 Bd7 7. Qd2 Rc8 8. f4
Nxd4 9. Qxd4 Qa5 10. e5 dxe5 11. fxe5 e6 12. O-O-O Bc6 13. Nb5 Bxb5 14. exf6 Bc6
15. h4 g6 16. Bc4 Qc5 17. Qd3 Qf5 18. Qb3 Bxg2 19. Bb5+ Bc6 20. Rhf1 Qe5 21. Rfe1
Qf5 22. Rf1 Qe5 23. Rfe1 Qf5 24. Rf1 1/2-1/2

[Event "Druzynowe Mistrzostwa Polski Juniorow - II Liga"]
[Site "Iwonicz"]
[Date "2016-07-31"]
[Round "6.20"]
[White "Fudalej, Slawomir"]
[Black "Krol, Marcin"]
[Result "1-0"]
[WhiteTitle "I"]
[BlackTitle "I"]
[WhiteElo "1597"]
[BlackElo "1626"]

1. d4 d5 2. c4 e6 3. Nc3 c6 4. e3 Nf6 5. Bd3 dxc4 6. Bxc4 Bd6 7. Nf3 Nbd7 8. Qb3
Qe7 9. O-O O-O 10. e4 e5 11. d5 cxd5 12. Bxd5 Nc5 13. Qc4 Be6 14. b4 Bxd5 15.
Nxd5 Nxd5 16. bxc5 Bxc5 17. Qxd5 Rfe8 18. Bg5 Qc7 19. Rac1 b6 20. Be3 Rac8 21.
Bxc5 bxc5 22. Rfd1 Rcd8 23. Qc4 Rxd1+ 24. Rxd1 Rb8 25. h3 1-0

[Event "Druzynowe Mistrzostwa Polski Juniorow - II Liga"]
[Site "Iwonicz"]
[Date "2016-07-31"]
[Round "6.21"]
[White "Nowak, Mikolaj"]
[Black "Maciak, Jakub"]
[Result "1-0"]
[WhiteTitle "I++"]
[BlackTitle "II"]
[WhiteElo "2091"]
[BlackElo "1582"]

1. e4 c5 2. Nc3 e6 3. g3 Nc6 4. Bg2 a6 5. d3 Nf6 6. f4 d6 7. Nf3 Qc7 8. O-O Be7
9. h3 Nd4 10. Be3 Nxf3+ 11. Qxf3 O-O 12. g4 Rd8 13. Ne2 Rb8 14. Ng3 b5 15. f5
exf5 16. Nxf5 Bxf5 17. Qxf5 Qd7 18. Qf3 Qe8 19. Rf2 Nd7 20. Qg3 Ne5 21. g5 Qd7
22. Raf1 Rf8 23. Bxc5 dxc5 24. Qxe5 f6 25. Qf5 Qxf5 26. Rxf5 fxg5 27. e5 Rxf5
28. Rxf5 Rf8 29. Bd5+ Kh8 30. Rxf8+ Bxf8 31. Kf2 Be7 32. Kf3 g6 33. Ke4 h5 34.
c3 Kg7 35. d4 cxd4 36. cxd4 h4 37. Be6 Kf8 38. d5 Bb4 39. d6 Ke8 40. Kd5 Bd2 41.
Bg4 Bf4 42. e6 Kd8 43. e7+ Ke8 44. Ke6 Bxd6 45. Kxd6 b4 46. Ke6 a5 47. Bf3 b3
48. Bc6# 1-0

[Event "Druzynowe Mistrzostwa Polski Juniorow - II Liga"]
[Site "Iwonicz"]
[Date "2016-07-31"]
[Round "6.23"]
[White "Dwilewicz, Katarzyna"]
[Black "Wilant, Marta"]
[Result "1-0"]
[WhiteTitle "I++"]
[BlackTitle "II"]
[WhiteElo "1786"]
[BlackElo "1306"]

1. e4 c6 2. c4 e5 3. Nf3 d6 4. d4 Nd7 5. Be2 Be7 6. O-O Ngf6 7. Qc2 h6 8. Rd1 Qc7
9. Nbd2 O-O 10. Nf1 Re8 11. Ng3 Nf8 12. dxe5 dxe5 13. Nh4 Bc5 14. Nhf5 Be6 15.
a3 a5 16. Be3 Qb6 17. Bxc5 Qxc5 18. Nd6 Re7 19. b4 Qb6 20. c5 Qc7 21. Qc3 Rd7
22. Qxe5 Ng6 23. Qc3 axb4 24. axb4 Rxa1 25. Rxa1 Rxd6 26. cxd6 Qxd6 27. Rd1 Qe7
28. Qd4 Kh7 29. Qd6 Qe8 30. Qd8 Qxd8 31. Rxd8 Nf4 32. f3 Nxe2+ 33. Nxe2 Bc4 34.
Nd4 g6 35. Rb8 Ba6 36. Nb3 Nd7 37. Rd8 Ne5 38. Nc5 Bb5 39. f4 Nc4 40. Nxb7 Kg7
41. e5 Ne3 42. Nd6 Ba4 43. Ne8+ Kf8 44. Nf6+ Ke7 45. Re8# 1-0

[Event "Druzynowe Mistrzostwa Polski Juniorow - II Liga"]
[Site "Iwonicz"]
[Date "2016-07-31"]
[Round "6.24"]
[White "Raczykowska, Paulina"]
[Black "Waligora, Julia"]
[Result "1-0"]
[WhiteTitle "I+"]
[BlackTitle "I"]
[WhiteElo "1679"]
[BlackElo "1349"]

1. e4 e6 2. d4 d5 3. e5 c5 4. c3 Nc6 5. Nf3 Qb6 6. Bd3 Bd7 7. dxc5 Bxc5 8. O-O
Qc7 9. Qe2 Nge7 10. h4 Ng6 11. Re1 Be7 12. g3 h5 13. Nbd2 a5 14. a4 O-O 15. Nb3
b6 16. Nbd4 Nxd4 17. Nxd4 Bc5 18. Qxh5 Bxd4 19. cxd4 Be8 20. Qg4 Nh8 21. h5 Qd7
22. Bg5 Ra7 23. Bf6 g6 24. h6 Kh7 25. Rf1 Rc7 26. Qg5 Rg8 27. Bd8 Rb7 28. Bf6
Ra7 29. Rfc1 Rc7 30. Rxc7 Qxc7 31. Bg7 Qb7 32. Qf6 Qd7 33. Bxh8 Qc7 34. Bg7 Qd7
35. Bf8 Qb7 36. Kg2 Qc7 37. Rh1 Qb7 38. Qg7+ Rxg7 39. hxg7+ 1-0

[Event "Druzynowe Mistrzostwa Polski Juniorow - II Liga"]
[Site "Iwonicz"]
[Date "2016-07-31"]
[Round "6.25"]
[White "Krawiec, Grzegorz"]
[Black "Wisniewski, Jacek"]
[Result "0-1"]
[WhiteTitle "I"]
[BlackTitle "k"]
[WhiteElo "1791"]
[BlackElo "1989"]

1. e4 e5 2. Nf3 Nf6 3. d4 Nxe4 4. Bd3 d5 5. dxe5 Nc5 6. Be2 Be7 7. O-O O-O 8. Be3
Bg4 9. Nd4 Bxe2 10. Qxe2 Nc6 11. Nxc6 bxc6 12. c3 Rb8 13. b4 Ne6 14. Bxa7 Rb7
15. Be3 d4 16. cxd4 Rxb4 17. Nc3 Nxd4 18. Qd2 Qb8 19. a3 Nb3 20. Qb2 Rb7 21. Rab1
Rd8 22. a4 c5 23. Qc2 Nd4 24. Qe4 Rb4 25. Kh1 c6 26. Na2 Rxb1 27. Rxb1 Qa8 28.
Nc3 Qa5 29. Bd2 Qa6 30. h3 h6 31. Be3 Qc4 32. Rc1 Qb4 33. Qb1 Nb3 34. Rc2 Rd3
35. Qb2 Kh7 36. Kh2 c4 37. Kh1 Qa5 38. Kh2 Qxe5+ 39. g3 Bf6 0-1

[Event "Druzynowe Mistrzostwa Polski Juniorow - II Liga"]
[Site "Iwonicz"]
[Date "2016-07-31"]
[Round "6.26"]
[White "Maminski, Hubert"]
[Black "Karykowska, Anna"]
[Result "1-0"]
[WhiteTitle "I"]
[BlackTitle "I++"]
[WhiteElo "1801"]
[BlackElo "1818"]

1. d4 Nf6 2. c4 e6 3. Nf3 Bb4+ 4. Bd2 Qe7 5. g3 Nc6 6. Bg2 O-O 7. O-O Bxd2 8. Nbxd2
d5 9. Qb3 Na5 10. Qa4 b6 11. Ne5 Qe8 12. Qxe8 Rxe8 13. b4 Nb7 14. c5 a5 15. a3
a4 16. Rfc1 b5 17. e3 Ra6 18. Bf1 c6 19. Nxc6 Rxc6 20. Bxb5 Rc7 21. Bxe8 Nxe8
22. b5 f6 23. Rab1 e5 24. f4 exd4 25. exd4 Kf7 26. Rb4 Bd7 27. Re1 Nxc5 28. dxc5
Rxc5 29. b6 Rc8 30. Nf3 Nd6 31. b7 Rb8 32. Reb1 Nc4 33. Rd1 Nxa3 34. Rxd5 Bc6
35. Rd3 Nb5 36. Nd4 Nxd4 37. Rdxd4 Kg6 38. Rb6 Bf3 39. Kf2 Bh1 40. Rxa4 Rxb7 41.
Rxb7 Bxb7 42. Ra5 Be4 43. Ke3 Bg2 44. Kd4 Bh3 45. Ra7 Kh6 46. Kd5 Bf5 47. Kd6
g5 48. Ke7 Kg6 49. Ra6 gxf4 50. gxf4 Kh5 51. Kxf6 Bd3 52. Ra3 Bb1 53. Rg3 Kh4
54. Rb3 Bc2 55. Rb2 Bd3 56. f5 h5 57. Rb4+ Kh3 58. Rb3 1-0

[Event "Druzynowe Mistrzostwa Polski Juniorow - II Liga"]
[Site "Iwonicz"]
[Date "2016-07-31"]
[Round "6.27"]
[White "Fiedorek, Michal"]
[Black "Golecki, Jan"]
[Result "0-1"]
[WhiteTitle "I"]
[BlackTitle "I+"]
[WhiteElo "1756"]
[BlackElo "1758"]

1. e4 c5 2. Nf3 d6 3. d4 cxd4 4. Nxd4 Nf6 5. Nc3 g6 6. Be3 Bg7 7. f3 O-O 8. Qd2
Nc6 9. O-O-O d5 10. Kb1 Nxd4 11. e5 Nf5 12. exf6 Bxf6 13. Nxd5 Qxd5 14. Qxd5 Nxe3
15. Qd3 Nxd1 16. Qxd1 Be6 17. Bd3 b5 18. h4 b4 19. h5 a5 20. f4 Rfd8 21. Qe2 a4
22. hxg6 hxg6 23. g4 b3 24. cxb3 axb3 25. Rd1 Rxa2 26. Rd2 Rda8 27. Kc1 Ra1+ 28.
Bb1 Rc8+ 0-1

[Event "Druzynowe Mistrzostwa Polski Juniorow - II Liga"]
[Site "Iwonicz"]
[Date "2016-07-31"]
[Round "6.28"]
[White "Redzisz, Michal"]
[Black "Lewandowski, Wiktor"]
[Result "1-0"]
[WhiteTitle "II"]
[BlackTitle "II"]
[WhiteElo "1756"]
[BlackElo "1406"]

1. e4 c5 2. Nf3 Nc6 3. Bb5 e6 4. O-O Nf6 5. e5 Nd5 6. d3 Qc7 7. c4 Nde7 8. Re1
a6 9. Bxc6 Nxc6 10. Bf4 Be7 11. Nc3 O-O 12. Ne4 Qb6 13. Qd2 f5 14. Ng3 Nd4 15.
Nxd4 cxd4 16. a3 a5 17. Rac1 Qd8 18. Qc2 b6 19. Ne2 Bc5 20. Rb1 a4 21. Bg3 Bb7
22. f3 Qg5 23. Qc1 Qe3+ 24. Qxe3 dxe3 25. Bf4 Ba6 26. Nc3 Bd4 27. Bxe3 Bxe5 28.
Bxb6 Bf4 29. Be3 Bc7 30. Nxa4 Bxc4 31. dxc4 Rxa4 32. b3 Raa8 33. Bc5 d6 34. Bb4
e5 35. Red1 Bb6+ 36. Kf1 Bd4 37. Bxd6 Rfd8 38. Bb4 Rdb8 39. Ke2 Kf7 40. Kd3 f4
41. Ke4 Ke6 42. Rdc1 Kd7 43. Rd1 Kc6 44. Kd3 g6 45. Kc2 Rb7 46. Rd3 Rd7 47. a4
Rb7 48. Bc3 Bxc3 49. Rxc3 Kc5 50. Rd3 Re8 51. Kc3 e4 52. fxe4 Rxe4 53. Rbd1 Rb8
54. b4+ Kb6 55. a5+ Ka7 56. Rd7+ Ka8 57. b5 Rc8 58. R1d4 Re3+ 59. Kb4 f3 60. gxf3
Rxf3 61. Rxh7 Rf1 62. b6 Rb1+ 63. Ka4 g5 64. c5 Kb8 65. Rb4 Ra1+ 66. Kb5 Rc1 67.
Rc4 Rb1+ 68. Ka6 g4 69. c6 1-0

[Event "Druzynowe Mistrzostwa Polski Juniorow - II Liga"]
[Site "Iwonicz"]
[Date "2016-07-31"]
[Round "6.29"]
[White "Maciak, Gabriela"]
[Black "Kozaczynska, Aleksandra"]
[Result "0-1"]
[WhiteTitle "I"]
[BlackTitle "I++"]
[WhiteElo "1492"]
[BlackElo "1683"]

1. d4 Nf6 2. Nc3 g6 3. e4 d6 4. Bg5 Bg7 5. e5 Ng8 6. exd6 Qxd6 7. Be3 c6 8. Nf3
Nd7 9. Qd2 Ngf6 10. O-O-O b5 11. d5 Nxd5 12. Nxd5 cxd5 13. Qxd5 Qxd5 14. Rxd5
a6 15. Be2 Nf6 16. Rd2 Ne4 17. Rdd1 Bb7 18. Nd4 Rc8 19. Nb3 Nf6 20. Rhg1 Nd5 21.
Bc5 Nf4 22. Bf1 Bf6 23. g3 Ne6 24. Be3 Ng5 25. Bg2 Nf3 26. Rh1 a5 27. Nc5 Bc6
28. h4 O-O 29. Nd7 Bxd7 30. Rxd7 Ne5 31. Rd5 a4 32. Be4 Rb8 33. Bf4 Nc4 34. Bxb8
Bxb2+ 35. Kd1 Rxb8 36. Ke2 Nd6 37. Bd3 b4 38. Rb1 a3 39. Ra5 e5 40. f3 Kf8 41.
Ra7 Rc8 42. Rd1 Bd4 43. Rd7 Nc4 44. Bxc4 Rxc4 45. Kd2 Rc3 46. Rb7 Rxf3 47. Rb8+
Kg7 48. Rb1 Bc3+ 49. Ke2 Rxg3 50. Rf1 Rg2+ 51. Rf2 Rxf2+ 52. Kxf2 h6 53. Kf3 Kf6
54. Rb7 Ke6 55. Rb6+ Kf5 56. Rb5 f6 57. Rc5 g5 58. Rc4 h5 59. hxg5 fxg5 60. Rc8
g4+ 61. Ke3 Bd4+ 62. Ke2 Kf4 63. Rf8+ Kg3 64. Kf1 h4 65. c3 bxc3 0-1

[Event "Druzynowe Mistrzostwa Polski Juniorow - II Liga"]
[Site "Iwonicz"]
[Date "2016-07-31"]
[Round "6.31"]
[White "Golenia, Wojciech"]
[Black "Klepek, Witold"]
[Result "1-0"]
[WhiteTitle "I+"]
[BlackTitle "k"]
[WhiteElo "1967"]
[BlackElo "2139"]

1. e4 e6 2. d4 d5 3. exd5 exd5 4. Bd3 c5 5. dxc5 Bxc5 6. Nf3 Nf6 7. O-O O-O 8.
Nc3 Nc6 9. Bg5 Be6 10. Qd2 h6 11. Bh4 Rc8 12. Rfe1 a6 13. Rad1 Bg4 14. Qf4 Bxf3
15. Qxf3 g5 16. Nxd5 Bd4 17. Nxf6+ Qxf6 18. Qxf6 Bxf6 19. Bg3 Bxb2 20. h4 Bc3
21. Re2 Rfd8 22. Rb1 b5 23. a4 bxa4 24. Bxa6 Nd4 25. Re7 Ra8 26. Bc4 Ne6 27. Rbb7
a3 28. Rxf7 Ra6 29. Rfe7 a2 30. Bxa2 Rxa2 31. Rxe6 Rxc2 32. Rxh6 gxh4 33. Rxh4
Rc1+ 34. Kh2 Rdd1 35. Rg4+ Kf8 36. Bf4 Rc2 37. Bh6+ 1-0

[Event "Druzynowe Mistrzostwa Polski Juniorow - II Liga"]
[Site "Iwonicz"]
[Date "2016-07-31"]
[Round "6.32"]
[White "Piela, Dominik"]
[Black "Golenia, Jan"]
[Result "1/2-1/2"]
[WhiteTitle "I"]
[BlackTitle "I"]
[WhiteElo "1656"]
[BlackElo "1860"]

1. e4 e5 2. Nf3 Nc6 3. Bc4 Bc5 4. c3 Nf6 5. d4 exd4 6. e5 d5 7. Bb5 Ne4 8. cxd4
Bb4+ 9. Nbd2 O-O 10. O-O Nxd2 11. Bxd2 Bxd2 12. Qxd2 Ne7 13. Bd3 Ng6 14. Qc2 Bg4
15. Nd2 Qg5 16. f4 Nxf4 17. Nf3 Qh6 18. h3 Bxf3 19. Rxf3 Nxd3 20. Qxd3 Qb6 21.
Raf1 Rae8 22. Qd2 c6 23. Kh1 Qc7 24. Qg5 Qe7 25. Qxe7 Rxe7 26. g4 Rc8 27. b4 Rf8
28. Kg2 Rc8 29. R1f2 Rec7 30. Kf1 Re8 31. g5 Re6 32. Ke2 Rg6 33. h4 h6 34. Rf5
hxg5 35. hxg5 Re7 36. Kd3 Kf8 37. Rh2 Kg8 38. Rhf2 1/2-1/2